000 00216 a2200097 4500
001 11385
100 _aSampaon,a.
245 _aCommon Sense About Africa
260 _a
_bVictor Gollanez Ltd
_c
090 _c8932
_d8932
942 _aNUST-CAE
_cM
_c35747
999 _c246458
_d246458